Real-Time Systems : Reflections on Higher Education in the Czech Republic, Hungary, Poland and Slovenia

Saved in:
Bibliographic Details
Other Authors: File, Jon (Editor), Goedegebuure, Leo (Editor)
Format: Book
Language:English
Published: Brno : VUTIUM, 2003
Tags: Add Tag
No Tags, Be the first to tag this record!

MARC

LEADER 00000nam a22000003a 4500
001 stu264878
005 20150617230139.5
008 130327s--------xr------------------eng-d
020 |a 80-214-2384-6 
040 |a STU  |b slo 
041 0 |a eng 
044 |a xr 
100 1 |a File, Jon  |4 edt 
245 1 |a Real-Time Systems :  |b Reflections on Higher Education in the Czech Republic, Hungary, Poland and Slovenia 
260 |a Brno :  |b VUTIUM,  |c 2003 
300 |a 246 s 
700 1 |a Goedegebuure, Leo  |4 edt 
996 |b I7482  |l II680  |s A  |a 24  |w stu264878_0001